| 000 | 00773nam a22002537a 4500 | ||
|---|---|---|---|
| 003 | EG-ScBUE | ||
| 005 | 20221013125722.0 | ||
| 008 | 100324s2009 it ae f b 000 0abeng d | ||
| 020 | _a9788864130132 | ||
| 040 |
_aEG-ScBUE _beng _erda _cEG-ScBUE _dEG-ScBUE |
||
| 082 | 0 | 4 |
_222 _a720.92 _bCAS |
| 100 | 1 |
_913059 _aCasamonti, Marco, _eauthor. |
|
| 245 | 1 | 0 |
_aJean Nouvel / _cMarco Casamonti. |
| 250 | _aFirst edition. | ||
| 264 | 1 |
_aMilan : _bMotta, _c2009. |
|
| 300 |
_a119 pages : _billustrations (chiefly color), plans ; _c27 cm. |
||
| 490 | 0 | _aMinimum | |
| 504 | _aIncludes bibliographical references. | ||
| 600 | 1 | 7 |
_aNouvel, Jean, _d1945- _2BUEsh |
| 650 | 7 |
_aArchitects _zFrance _vBiography. _2BUEsh |
|
| 653 | _bENGARC | ||
| 655 | _vReading book | ||
| 942 |
_2ddc _cBB |
||
| 999 |
_c13765 _d13765 |
||